000 00439nam a2200181Ia 4500
008 210210b2008 xxu||||| |||| 00| 0 eng d
020 _a9788184111293
041 _aeng
082 _a658.15 SHEA
100 _aSHEWAN (M A)
245 _aAccounts management
260 _aNew Delhi.
_bSonali Publications
_c2008
300 _a298
650 _amanagement
650 _aAccounts
690 _aManagement Accounting
906 _a063430
999 _c136171
_d136171